First footsteps in east Africa or An exploration of Harar
Αποθηκεύτηκε σε:
| Κύριος συγγραφέας: | |
|---|---|
| Άλλοι συγγραφείς: | |
| Μορφή: | Βιβλίο |
| Γλώσσα: | English |
| Δημοσίευση: |
New York :
Dover,
c1987.
|
| Σειρά: | Dover books on travel, adventure
|
| Θέματα: | |
| Ετικέτες: |
Προσθήκη ετικέτας
Δεν υπάρχουν, Καταχωρήστε ετικέτα πρώτοι!
|
MARC
| LEADER | 00000nam a2200000 a 4500 | ||
|---|---|---|---|
| 001 | 1/127279 | ||
| 008 | 230915s1987####nyu| ||| |||| ||eng|| | ||
| 020 | |a 0486244755 | ||
| 040 | |a GR-MyUa |b gre |c GR-MyUa |e AACR2 | ||
| 041 | 0 | |a eng | |
| 082 | 7 | |a 963.2 |2 (23) | |
| 100 | 1 | |a Burton, Richard Francis, |c Sir, |d 1821-1890. | |
| 245 | 1 | 0 | |a First footsteps in east Africa or An exploration of Harar / |c Richard F. Burton ; edited by Isabel Burton. |
| 260 | |a New York : |b Dover, |c c1987. | ||
| 300 | |a 2 τ. σε 1 ; |c 21 εκ. | ||
| 490 | 1 | |a (Dover books on travel, adventure) | |
| 504 | |a Περιλαμβάνει βιβλιογραφικές παραπομπές και ευρετήριο. | ||
| 651 | 0 | |a Somalia |x Description and travel. | |
| 651 | 0 | |a Harer (Ethiopia) |x Description and travel. | |
| 700 | 1 | |a Burton, Isabel, |c Lady, |d 1831-1896, |e edtf | |
| 830 | 0 | |a Dover books on travel, adventure | |
| 852 | |a INST |b LESVOS |e 20230915 |h 963.2 BUR |p 005100065023 |q 005100065023 |t BK |v τ. 1-2: |y 0 | ||
| 970 | |a Καμάτσου |b Δέσποινα |z 15-09-2023 | ||